La multiplicación ilegítima de los valores en los juicios (Registro nro. 5454)

Detalles MARC
000 -LEADER
fixed length control field 02690 a2200217 4500
001 - CONTROL NUMBER
control field 54285
005 - DATE AND TIME OF LATEST TRANSACTION
control field 20260407155814.0
008 - FIXED-LENGTH DATA ELEMENTS--GENERAL INFORMATION
fixed length control field 260407a1991 arg spa d
003 - CONTROL NUMBER IDENTIFIER
control field AR-UNSa-BCEJYS
040 ## - CATALOGING SOURCE
Original cataloging agency AR-UNSa-BCEJYS
Language of cataloging spa
Transcribing agency AR-UNSa-BCEJYS
080 ## - UNIVERSAL DECIMAL CLASSIFICATION NUMBER
Universal Decimal Classification number 336.748
Common auxiliary subdivision Precios del cambio de monedas. Movimientos de los precios de cambio. Fluctuaciones en los precios de cambio (Inflación, Deflación)<br/>
020 ## - INTERNATIONAL STANDARD BOOK NUMBER
International Standard Book Number 950-20-0635-6
100 1# - MAIN ENTRY--PERSONAL NAME
Personal name Arauz Castex, Manuel
245 10 - TITLE STATEMENT
Title La multiplicación ilegítima de los valores en los juicios
Name of part/section of a work la desvalorización monetaria en la hiperinflación 1989/91
264 #1 - PRODUCTION, PUBLICATION, DISTRIBUTION, MANUFACTURE, AND COPYRIGHT NOTICE
Place of production, publication, distribution, manufacture Buenos Aires :
Name of producer, publisher, distributor, manufacturer Abeledo Perrot
Date of production, publication, distribution, manufacture, or copyright notice 1991
300 ## - PHYSICAL DESCRIPTION
Extent 125 p.
Dimensions 17 cm.
505 ## - FORMATTED CONTENTS NOTE
Formatted contents note 1. Concepto económico de la desvalorización monetaria – 2. Otros factores de modificación de los precios – 3. Importancia de la moneda después de un proceso hiperinflacionario – 4. Objeto jurídico de la investigación – 5. La nueva doctrina de la Corte Suprema de Justicia de la Nación – 6. Antecedentes jurisprudenciales de esta doctrina – 7. Aplicación de los índices del INDEC – 8. Contradicción y deficiencias de los índices del INDEC – 9. La desvalorización monetaria y la evolución del salario – 10. El fenómeno de la hiperinflación – 11. La indexación de las obligaciones en el periodo de la hiperinflación de 1989/90 – 12. La hiperinflación es un caso fortuito, de fuerza mayor o imprevisible – 13. La competencia jurídica está circunscripta al caso y la sentencia debe resolver el litigio en los términos concretos en que está planteado – 14. Revalorización de las obligaciones del Estado y sus dependencias – 15. Los principios generales aplicables judicialmente para la revalorización de las obligaciones durante la hiperinflación 1989/90 – 16. La desvalorización monetaria y su aplicación en materia de seguros – 17. Los efectos de la hiperinflación en el seguro – 18. Valorización de las inversiones de las reservas por siniestros pendientes. Periodo 30/VI/89 – 31/III/91 – 19. Déficit aproximado entre las inversiones de las reservas de siniestros pendientes, y las obligaciones con los asegurados, al final del periodo 30/VI/89 – 31/III/91 – 20. Análisis de la cuestión desde el punto de vista del derecho de seguros – 21. Examen de la cuestión desde el punto de vista del asegurado y/o del tercero damnificado – 22. La situación del asegurado frente al tercero damnificado – 23. Oportunidad de la petición en la Litis – 24. El caso federal y la cuestión constitucional – 25. Epilogo
590 ## - LOCAL NOTE (RLIN)
Local note niveau_biblio:m niveau_hierar:0
700 1# - ADDED ENTRY--PERSONAL NAME
Personal name Arauz Castex, Alejandro
942 ## - ADDED ENTRY ELEMENTS (KOHA)
Koha item type
Existencias
Withdrawn status Lost status Damaged status Not for loan Home library Current library Shelving location Date acquired Total checkouts Full call number Barcode Date last seen Price effective from Koha item type
        Biblioteca Prof. Eusebio Cleto del Rey Biblioteca Prof. Eusebio Cleto del Rey   07/04/2026   336.748 A658 L58894 07/04/2026 07/04/2026 Libro